| 000 | 00763nam a2200277 a 4500 | ||
|---|---|---|---|
| 003 | AR-BaBNM | ||
| 005 | 20251128203226.0 | ||
| 008 | 082120s2002 ||||||||||||||000 | spa|| | ||
| 040 | _cAR-BaBNM | ||
| 100 | 1 | _aFernández Moreno, Baldomero | |
| 245 | 0 | 0 | _aSan José de Flores |
| 260 |
_aBuenos Aires _bMunicipalidad de la Ciudad de Buenos Aires _c1963 |
||
| 300 |
_a153 p. _bil. |
||
| 490 | 0 |
_aCuadernos de Buenos Aires _vv. 22 |
|
| 650 | 4 | _aLITERATURA ARGENTINA | |
| 650 | 4 | _aESCRITORES | |
| 650 | 4 | _aPOESIA | |
| 650 | 4 | _aLITERATURA POPULAR | |
| 650 | 4 | _aHISTORIA DE BUENOS AIRES | |
| 650 | 4 | _aBARRIOS | |
| 651 | 4 | _aBuenos Aires [Capital Federal] | |
| 653 | _aTANGO | ||
| 700 | 1 |
_aBasaldúa, Héctor _eilustrador |
|
| 942 | _cBK | ||
| 998 | _cMARTIN | ||
| 999 |
_c2472 _d2472 |
||